000 00551ntaaa2200205 4500
003 01
005 20251027200656.0
008 0714s1973 ag 01
040 _aAR-BaBN
_bspa
_cAR-BaBN
_eaacr
_dRIC
082 _a131.337 G53
100 _aGockel, Herman W
_92873
245 _aAnswer to anxiety /
_cHerman W Gockel
250 _a1 ed.
260 _aSt.Louis :
_bConcordia Publishing House,
_c1961,1965
300 _axi, 179 p
500 _aLa respuesta para la ansiedad
650 _aPsicologia Pastoral
650 _aAnsiedad
_92547
942 _cBK
999 _c1257
_d1257